Who? / [Board Book] by Leo Lionni ; text, Nora ... Read More
Available copies
- 1 of 1 copy available at LARL/NWRL Consortium. (Show)
- 1 of 1 copy available at Northwest Regional Library.
Current holds
0 current holds with 1 total copy.
Show Only Available Copies
| Location | Call Number / Copy Notes | Barcode | Shelving Location | Status | Due Date |
|---|---|---|---|---|---|
| Thief River Falls Public Library | e LIO (BOARD BOOK) (Text) | 35500005344187 | Main | Available | - |
Record details
- ISBN: 9780385754057
- ISBN: 0385754051
- Physical Description: 1 volume (unpaged) : color illustrations ; 16 cm
- Edition: First board book edition.
- Publisher: New York : Alfred A. Knopf, 2014
Content descriptions
| General Note: | Cover title. |
| Summary, etc.: | Friendly mice discover the other animals who share ... Read More |
Search for related items by subject
| Subject: | Board books. Mice > Fiction. Animals > Fiction. Board books. |
| LDR | 01626cam a2200433Ii 4500 | ||
|---|---|---|---|
| 001 | 162352 | ||
| 003 | LARL_NWRL_CONSORTIUM | ||
| 005 | 20140212173903.0 | ||
| 008 | 140102s2014 nyua j 000 1 eng d | ||
| 020 | . | ‡a9780385754057 | |
| 020 | . | ‡a0385754051 | |
| 035 | . | ‡a(OCoLC)867049855 | |
| 040 | . | ‡aCCPLG ‡beng ‡cCCPLG ‡erda ‡dJTH ‡dNRG | |
| 049 | . | ‡aNRGM | |
| 050 | 1 | 4. | ‡aPZ7.L6634 ‡bWho 2014 |
| 082 | 0 | 4. | ‡a[E] ‡223 |
| 100 | 1 | . | ‡aLionni, Leo, ‡d1910-1999, ‡eartist. ‡0(LARL_NWRL_CONSORTIUM)55080 |
| 245 | 1 | 0. | ‡aWho? / ‡h[Board Book] ‡cby Leo Lionni ; text, Nora Lionni and Louis Mannie Lionni. |
| 250 | . | ‡aFirst board book edition. | |
| 260 | . | ‡aNew York : ‡bAlfred A. Knopf, ‡c2014 | |
| 300 | . | ‡a1 volume (unpaged) : ‡bcolor illustrations ; ‡c16 cm | |
| 336 | . | ‡atext ‡2rdacontent | |
| 336 | . | ‡astill image ‡2rdacontent | |
| 337 | . | ‡aunmediated ‡2rdamedia | |
| 338 | . | ‡avolume ‡2rdacarrier | |
| 500 | . | ‡aCover title. | |
| 520 | . | ‡aFriendly mice discover the other animals who share their world and challenge readers to guess what they are. | |
| 650 | 0. | ‡aBoard books. ‡0(LARL_NWRL_CONSORTIUM)162180 | |
| 650 | 1. | ‡aMice ‡vFiction. | |
| 650 | 1. | ‡aAnimals ‡vFiction. ‡0(LARL_NWRL_CONSORTIUM)162060 | |
| 650 | 1. | ‡aBoard books. ‡0(LARL_NWRL_CONSORTIUM)162180 | |
| 700 | 1 | . | ‡aLionni, Nora, ‡eauthor. |
| 700 | 1 | . | ‡aLionni, Louis Mannie, ‡eauthor. |
| 700 | 1 | . | ‡aLionni, Leo, ‡d1910-1999. ‡tWho? ‡iExpanded version of (work): |
| 994 | . | ‡aC0 ‡bNRG | |
| 901 | . | ‡a162352 ‡bOCLC ‡c162352 ‡tbiblio | |

Add to basket
Permalink
Disable Highlighting